The noble scholar, jurist, historian


 His Excellency Dr. Abdul Wahhab bin Ibrahim Abu Sulaiman, may Allah have mercy on him.


 He was born in Umm Al-Qura in the year 1356 AH.

كتاب الترغيب والترهيب / (Record no. 14318)

MARC details
000 -LEADER
fixed length control field 01548cam a2200289 ia4500
003 - CONTROL NUMBER IDENTIFIER
control field SA-RiAUC
005 - DATE AND TIME OF LATEST TRANSACTION
control field 20260211135238.0
008 - FIXED-LENGTH DATA ELEMENTS--GENERAL INFORMATION
fixed length control field 250908q19001999le g 000 0 ara c
040 ## - CATALOGING SOURCE
Original cataloging agency SA-JeALM
Language of cataloging ara
Transcribing agency SA-RiAUC
Description conventions rda
050 #4 - LIBRARY OF CONGRESS CALL NUMBER
Item number .Q29 1900z
082 04 - DEWEY DECIMAL CLASSIFICATION NUMBER
Classification number 213
Assigning agency SA-RiAUC
090 ## - LOCALLY ASSIGNED LC-TYPE CALL NUMBER (OCLC); LOCAL CALL NUMBER (RLIN)
Classification number (OCLC) (R) ; Classification number, CALL (RLIN) (NR) م ن 213
Local cutter number (OCLC) ; Book number/undivided call number, CALL (RLIN) ق و ا
100 1# - MAIN ENTRY--PERSONAL NAME
Personal name قوام السنة، إسماعيل بن محمد بن الفضل،
Dates associated with a name 457-535 هجري
Relator term مؤلف.
245 10 - TITLE STATEMENT
Title كتاب الترغيب والترهيب /
Statement of responsibility, etc. الحافظ أبو القاسم إسماعيل بن محمد بن الفضل الجوزي الأصبهاني المعروف بقوام السنة ؛ خرج أحاديثه محمد السعيد بن بسيوني زغلول ؛ راجعه محمود إبراهيم زايد ؛ نسقه وأشرف على طبعه عبد الشكور عبد الفتاح فدا.
246 30 - VARYING FORM OF TITLE
Title proper/short title الترغيب والترهيب
264 #1 - PRODUCTION, PUBLICATION, DISTRIBUTION, MANUFACTURE, AND COPYRIGHT NOTICE
Place of production, publication, distribution, manufacture بيروت :
Name of producer, publisher, distributor, manufacturer مؤسسة الخدمات الطباعية،
Date of production, publication, distribution, manufacture, or copyright notice [بين 1900 و1999]
300 ## - PHYSICAL DESCRIPTION
Extent 2 جزء ؛
Dimensions 29 سم
336 ## - CONTENT TYPE
Content type term نص
Content type code txt
Source rdacontent
Materials specified كتاب
337 ## - MEDIA TYPE
Media type term بدون وسيط
Media type code n
Source rdamedia
650 #7 - SUBJECT ADDED ENTRY--TOPICAL TERM
Topical term or geographic name entry element الوعظ والإرشاد
Source of heading or term aucsh
650 #7 - SUBJECT ADDED ENTRY--TOPICAL TERM
Topical term or geographic name entry element الحديث
General subdivision جوامع الفنون
Source of heading or term aucsh
700 1# - ADDED ENTRY--PERSONAL NAME
Personal name زغلول، محمد السعيد بن بسيوني
Relator term مخرج أحاديث.
700 1# - ADDED ENTRY--PERSONAL NAME
Personal name زايد، محمود إبراهيم
Relator term مراجع.
700 1# - ADDED ENTRY--PERSONAL NAME
Personal name فدا، عبد الشكور عبد الفتاح
Relator term منسق.
942 ## - ADDED ENTRY ELEMENTS (KOHA)
Source of classification or shelving scheme Dewey Decimal Classification
Koha item type كتاب مصور نادر
Suppress in OPAC No
949 ## - LOCAL PROCESSING INFORMATION (OCLC)
a SA-JeALM
d 250908
u osman123
n 1
Holdings
Withdrawn status Lost status Source of classification or shelving scheme Materials specified (bound volume or other part) Damaged status Not for loan Home library Current library Date acquired Total checkouts Full call number Barcode Date last seen Price effective from Koha item type
    Dewey Decimal Classification القسم الاول     DR AbdElwahab Library DR AbdElwahab Library 02/11/2026   م ن 213 ق و ا 000022728 02/11/2026 02/11/2026 كتاب مصور نادر